[Event "Open"]
[Site "Ikaros GRE"]
[Date "2003.07.17"]
[Round "6"]
[White "Pozharsky,V"]
[Black "Nikolaou,G"]
[Result "1-0"]
[WhiteElo "2429"]
[BlackElo "2218"]

1.d4 Nf6 2.Nf3 g6 3.c4 Bg7 4.Nc3 O-O 5.e4 d6 6.Be2 e5 7.dxe5 dxe5 8.Qxd8 Rxd8
9.Bg5 Re8 10.Nd5 Nxd5 11.cxd5 c6 12.Rd1 Nd7 13.dxc6 bxc6 14.Rc1 Nf8 15.Rxc6 Ne6
16.Bc1 Bb7 17.Rc4 Rac8 18.O-O Rxc4 19.Bxc4 Bxe4 20.Bxe6 fxe6 21.Be3 a5 22.Rc1 Bd5
23.b3 Ra8 24.Rc7 a4 25.bxa4 e4 26.Ng5 e5 27.Rd7 Bc6 28.Ra7 Rxa7 29.Bxa7 Bd5
30.Bc5 h6 31.Nh3 Bxa2 32.Kf1 Kf7 33.a5 Ke6 34.Ke1 Bc4 35.Ng1 Kd5 36.Bb6 Bf8
37.Kd2 Bd3 38.Ne2 Bb4+ 39.Ke3 Bc4 40.Ng3 Bc3 41.Nxe4 Bd4+ 42.Kf3  1-0

[Event "24th Open"]
[Site "Bled SLO"]
[Date "2003.07.18"]
[Round "6"]
[White "Muslija,I"]
[Black "Srebrnic,M"]
[Result "1-0"]
[WhiteElo "2286"]
[BlackElo "2211"]

1.d4 Nf6 2.c4 g6 3.Nc3 Bg7 4.e4 d6 5.Be2 O-O 6.Nf3 e5 7.O-O exd4 8.Nxd4 Re8
9.f3 Nc6 10.Be3 Nh5 11.Nd5 Nxd4 12.Bxd4 Be6 13.Bxg7 Kxg7 14.Qd2 c5 15.Nc3 Nf6
16.Nb5 Qb6 17.Qxd6 Red8 18.Qxb6 axb6 19.Nc3 Rd2 20.Rab1 Nd7 21.Rfd1 Rxd1+
22.Rxd1 Ne5 23.b3 Nc6 24.Rd2 Nd4 25.Kf2 Kf8 26.e5 Ra6 27.Bd3 Bd7 28.Ne2 Nc6
29.f4 Ke7 30.Be4 h6 31.Nc3 Be6 32.Rd6 Nd8 33.Kf3 h5 34.Ke3 Ke8 35.Kd2 Ke7
36.Kc1 Ke8 37.Kb2 Ke7 38.Na4 Bxc4 39.Nxb6 Be6 40.Bd3 Ra5 41.a4 Nc6 42.Kc3 Nd4
43.Bc4 Nf5 44.Rd3 Nd4 45.Bxe6 fxe6 46.Kc4 Nf5 47.g3 Ke8 48.Kc3 Ra6 49.Nd7 b6
50.Nf6+ Kf7 51.Rd7+ Kf8 52.Rb7 Ne3 53.Ne4 c4 54.Ng5 cxb3 55.Kxb3 Nf1 56.Nxe6+ Kg8
57.Rg7+ Kh8 58.Rxg6 Kh7 59.f5 Nd2+ 60.Kb4 Nf3 61.Nf8+ Kh8 62.Nd7  1-0

[Event "Open"]
[Site "Mariupol UKR"]
[Date "2003.07.18"]
[Round "8"]
[White "Iljin,T"]
[Black "Demkovich,A"]
[Result "1/2-1/2"]
[WhiteElo "2175"]
[BlackElo "2422"]

1.Nf3 Nf6 2.c4 g6 3.Nc3 Bg7 4.e4 d6 5.d4 O-O 6.Be2 e5 7.Be3 exd4 8.Nxd4 Re8
9.f3 c6 10.Qd2 d5 11.exd5 cxd5 12.c5 Nc6 13.O-O Rxe3 14.Qxe3 Qf8 15.Nxc6 bxc6
16.Rac1 Rb8 17.Na4 Rb4 18.Qa3 Rh4 19.g3 Rh3 20.Qe3 h5 21.Qf2 Bh6 22.Kg2 Bxc1
23.Rxc1 Qh6 24.Rf1 g5 25.Qd4 g4 26.fxg4 Nxg4 27.Bxg4 hxg4 28.Rh1 Bf5 29.Nc3 Rh5
30.h4 gxh3+ 31.Kh2 Rg5 32.Re1 Be6 33.Ne2 Qg6 34.Nf4 Rg4 35.Re2 Qf5 36.Qe3 Bd7
37.Rf2 Qe4 38.Qxe4 dxe4 39.Nxh3 Be6 40.Nf4 Bxa2 41.Rd2 Kf8 42.Rd8+ Ke7 43.Ra8 Be6
44.Rxa7+ Kf6 45.Ra6 Bd7 46.Ra7 Bf5 47.Kg2 Rg8 48.Ra6 Bd7 49.Kf2 Ke7 50.b4 Rb8
51.Rb6 Ra8 52.Rb7 Kd8 53.Ke3 Kc8 54.Rb6 f5 55.Ne2 Ra3+ 56.Kf2 Kc7 57.Nf4 Rb3
58.Ng2 Rf3+ 59.Ke2 Rxg3 60.Nf4 Ra3 61.b5 Rf3 62.bxc6 Rxf4 63.cxd7 Kxd7 64.Rf6 Rf3
65.c6+ Kc8 66.Ke1 Kd8 67.Rf7 Kc8 68.Ke2 Rf4 69.Ke3 Rf3+ 70.Ke2 Kd8 71.Ke1 f4
72.Ke2 Kc8 73.Re7 Re3+ 74.Kf2 Kd8 75.Rf7 Rf3+ 76.Ke2 Kc8 77.Re7 Re3+ 78.Kf2 Kd8
79.Rf7 Rf3+ 80.Ke2 Ke8 81.c7 Rc3 82.Rxf4 Rxc7 83.Rxe4+ Re7 84.Ke3 Kd7 85.Rxe7+ Kxe7
86.Kd4  1/2-1/2

[Event "BCSA Open"]
[Site "Batumi GEO"]
[Date "2003.07.19"]
[Round "3"]
[White "Batsiashvili,N"]
[Black "Nalbandian,T"]
[Result "0-1"]
[WhiteElo "2275"]
[BlackElo "2478"]

1.d4 Nf6 2.c4 g6 3.Nc3 Bg7 4.e4 d6 5.Nf3 O-O 6.Be2 Na6 7.O-O e5 8.a3 exd4
9.Nxd4 Nc5 10.f3 a5 11.Be3 a4 12.Qc2 c6 13.Rfd1 Qe7 14.Bf1 Nh5 15.Qf2 Be5
16.g3 f5 17.exf5 gxf5 18.f4 Bg7 19.Re1 Qf7 20.Nf3 Bxc3 21.bxc3 Ne4 22.Qc2 c5
23.Bd3 h6 24.Bxe4 fxe4 25.Qxe4 Bf5 26.Qd5 Qxd5 27.cxd5 Be4 28.Nh4 Rfe8 29.f5 Kg7
30.Rad1 b5 31.Rd2 Nf6 32.Bf4 Rad8 33.h3 Kf7 34.Bxh6 Bxd5 35.Rxe8 Rxe8 36.Ng2 b4
37.cxb4 cxb4 38.Ne3 Bb3 39.Nc2 Ne4 40.Re2 Bxc2 41.Rxc2 b3 42.Rc4 Nc5 43.Bd2 b2
44.Rb4 Nb3 45.Rb7+ Re7  0-1

[Event "18th Touraine Open"]
[Site "Avoine FRA"]
[Date "2003.07.20"]
[Round "2"]
[White "Dieu,B"]
[Black "Aveline,P"]
[Result "1-0"]
[WhiteElo "2299"]
[BlackElo "2157"]

1.d4 Nf6 2.Nf3 g6 3.c4 Bg7 4.Nc3 d6 5.e4 O-O 6.Be2 e5 7.O-O exd4 8.Nxd4 Nc6
9.Be3 Re8 10.f3 Nxd4 11.Bxd4 Nd7 12.Bxg7 Kxg7 13.Qd2 Nb6 14.Rfd1 f5 15.c5 Nd7
16.cxd6 c6 17.exf5 gxf5 18.Bf1 Ne5 19.Re1 Bd7 20.Rad1 Qf6 21.b3 Rad8 22.Ne2 Be6
23.Ng3 Bf7 24.f4 Nd7 25.Bd3 Bg6 26.Bxf5 Nb6 27.Bxg6 Rxe1+ 28.Rxe1 hxg6 29.Ne4  1-0

[Event "24th Open"]
[Site "Bled SLO"]
[Date "2003.07.20"]
[Round "9"]
[White "Muslija,I"]
[Black "Mazi,L"]
[Result "0-1"]
[WhiteElo "2286"]
[BlackElo "2402"]

1.d4 Nf6 2.c4 d6 3.Nf3 g6 4.Nc3 Bg7 5.e4 O-O 6.Be2 Nbd7 7.O-O e5 8.d5 Nc5
9.Nd2 a5 10.b3 Ne8 11.a3 f5 12.Bb2 Bh6 13.exf5 Bxd2 14.Qxd2 Nxb3 15.Qd1 Nxa1
16.fxg6 hxg6 17.Bxa1 Qh4 18.Qc1 Ng7 19.g3 Qh3 20.Qg5 Bf5 21.c5 Rf7 22.cxd6 cxd6
23.Nb5 Ne8 24.f3 Rh7 25.Rf2 Rc8 26.Qe3 Qh6 27.f4 exf4 28.gxf4 Qh4 29.Nd4 Re7
30.Qd2 Rec7 31.Bb2 Be4 32.Bd1 Rh7 33.Ne6 Qg3+ 34.Kf1 Qd3+ 35.Qxd3 Bxd3+ 36.Kg1 b5
37.Rd2 Bb1 38.Re2 Rh3 39.Ng5 Rd3 40.Re1 Rd2 41.Ba1 Bf5 42.h4 Ng7 43.Bf3 Nh5
44.Rb1 b4 45.axb4 axb4 46.Bg2 b3  0-1

[Event "24th Open"]
[Site "Bled SLO"]
[Date "2003.07.20"]
[Round "9"]
[White "Loncar,R"]
[Black "Srebrnic,V"]
[Result "1-0"]
[WhiteElo "2394"]
[BlackElo "2257"]

1.d4 Nf6 2.Nf3 g6 3.c4 Bg7 4.Nc3 d6 5.e4 O-O 6.Be2 e5 7.Be3 Ng4 8.Bg5 f6
9.Bh4 Nc6 10.d5 Ne7 11.Nd2 Nh6 12.f3 g5 13.Bf2 f5 14.Qc2 c5 15.dxc6 bxc6
16.Nb3 a6 17.Rd1 Be6 18.Nc5 Bc8 19.N5a4 Be6 20.Nb6 Rb8 21.c5 d5 22.exd5 cxd5
23.Ncxd5 Nc6 24.Nf4 exf4 25.Rxd8 Rbxd8 26.Bc4 Rfe8 27.O-O  1-0

[Event "Open"]
[Site "Mariupol UKR"]
[Date "2003.07.20"]
[Round "10"]
[White "Nosenko,A"]
[Black "Korobkov,P"]
[Result "1-0"]
[WhiteElo "2478"]
[BlackElo "2385"]

1.d4 Nf6 2.c4 g6 3.Nc3 Bg7 4.e4 d6 5.Nf3 O-O 6.Be2 e5 7.O-O exd4 8.Nxd4 Nc6
9.Be3 Re8 10.f3 Nh5 11.Qd2 Nf4 12.Rfd1 Nxe2+ 13.Ncxe2 f5 14.exf5 Bxf5 15.Ng3 Qf6
16.Ndxf5 gxf5 17.Bf2 Kh8 18.Rac1 b6 19.b4 Ne5 20.Kh1 Rad8 21.f4 Ng4 22.Bg1 Qg6
23.Qd5 Rf8 24.Re1 h5 25.Re6 Qh7 26.b5 h4 27.Ne2 h3 28.Ng3 hxg2+ 29.Kxg2 c6
30.bxc6 Nf6 31.Qxf5  1-0

[Event "18th Touraine Open"]
[Site "Avoine FRA"]
[Date "2003.07.21"]
[Round "3"]
[White "Brunner,N"]
[Black "Nevednichy,V"]
[Result "0-1"]
[WhiteElo "2253"]
[BlackElo "2593"]

1.d4 Nf6 2.c4 d6 3.Nc3 g6 4.e4 Bg7 5.Nf3 O-O 6.Be2 e5 7.O-O Na6 8.Be3 Ng4
9.Bg5 Qe8 10.dxe5 dxe5 11.h3 f6 12.Bc1 Nh6 13.Be3 c6 14.c5 Nf7 15.Bxa6 bxa6
16.Qa4 Rb8 17.b3 Kh8 18.Rad1 Rg8 19.Nd2 f5 20.exf5 gxf5 21.Rfe1 Rb7 22.Qh4 Re7
23.Nf3 e4 24.Nd4 Ne5 25.Nde2 Nf3+ 26.gxf3 Bf6+  0-1

[Event "18th Touraine Open"]
[Site "Avoine FRA"]
[Date "2003.07.21"]
[Round "3"]
[White "Giroux,F"]
[Black "Laurent,B"]
[Result "0-1"]
[WhiteElo "2259"]
[BlackElo "2374"]

1.Nf3 Nf6 2.c4 g6 3.Nc3 Bg7 4.e4 d6 5.d4 O-O 6.Be2 e5 7.dxe5 dxe5 8.Qxd8 Rxd8
9.Bg5 Re8 10.Nd5 Nxd5 11.cxd5 c6 12.Bc4 cxd5 13.Bxd5 Nd7 14.Rc1 Nf6 15.Bxf6 Bxf6
16.Rc7 Be6 17.Bxe6 Rxe6 18.Rxb7 Ra6 19.a3 Ra4 20.O-O Rxe4 21.g3 Rc8 22.Re1 Rxe1+
23.Nxe1 e4 24.Kf1 Rc1 25.Ke2 Rb1 26.f3 exf3+ 27.Nxf3 Rxb2+ 28.Rxb2 Bxb2 29.a4 Kg7
30.Kd3 Kf6 31.g4 h5 32.h3 hxg4 33.hxg4 Bc1 34.Ke4 Bb2 35.Kd5 Ke7 36.Kc6 Ke6
37.a5 Bc1 38.Nd4+ Ke5 39.Nb5 Be3 40.Kb7 f5 41.gxf5 gxf5 42.Nxa7 f4 43.Nc6+ Ke4
44.Nb4 f3  0-1

[Event "MTO"]
[Site "Biel SUI"]
[Date "2003.07.21"]
[Round "1"]
[White "Shchekachev,A"]
[Black "Pahud,C"]
[Result "1-0"]
[WhiteElo "2550"]
[BlackElo "2189"]

1.Nf3 Nf6 2.c4 g6 3.Nc3 Bg7 4.e4 d6 5.d4 O-O 6.Be2 e5 7.Be3 exd4 8.Nxd4 Re8
9.f3 c6 10.Bf2 d5 11.exd5 cxd5 12.O-O Nc6 13.c5 a6 14.Qd2 Be6 15.Rfd1 Nh5
16.Nxe6 fxe6 17.f4 Nf6 18.Bf3 Kh8 19.Rab1 Nd7 20.b4 Qf6 21.Ne2 Rab8 22.Rdc1 Rec8
23.Bg4 Rf8 24.Qe1 g5 25.Be3 gxf4 26.Nxf4 Nde5 27.Bh3 Rbe8 28.Rc2 Nc4 29.Bc1 Qd4+
30.Rf2 N6e5 31.Rb3 Rxf4 32.Bxf4 Nd3 33.Rxd3 Qxd3 34.Qe2 Qxe2 35.Rxe2 e5 36.Bg5 e4
37.Bd7 Re5 38.Bf4 Re7 39.c6 bxc6 40.Bxc6 Bd4+ 41.Kh1 Nb6 42.g3 Bc3 43.a3 Be5
44.Bg5 Rc7 45.Rc2 Nd7 46.a4 Nb8 47.b5 axb5 48.axb5 Nxc6 49.Rxc6 Rd7 50.b6 Rb7
51.Be3 d4 52.Bxd4 Bxd4 53.Rc8+ Kg7 54.Rc7+ Kf6 55.Rxb7 e3 56.Rc7 e2 57.Rc1 Bxb6
58.Re1 Kg5 59.Rxe2 h6 60.Kg2 Bd4 61.Kf3 Kf5 62.g4+ Kg5 63.Rd2 Bc3 64.Rd5+ Kg6
65.h4 Be1 66.h5+ Kf6 67.Rd6+ Kg7 68.Ke4 Bh4 69.Kf5 Bg5 70.Rd7+  1-0

[Event "MTO"]
[Site "Biel SUI"]
[Date "2003.07.22"]
[Round "2"]
[White "Krivonosov,O"]
[Black "Al Modiahki,M"]
[Result "0-1"]
[WhiteElo "2438"]
[BlackElo "2574"]

1.Nf3 Nf6 2.c4 g6 3.Nc3 Bg7 4.e4 d6 5.d4 O-O 6.Be2 e5 7.dxe5 dxe5 8.Qxd8 Rxd8
9.Bg5 Re8 10.Nd5 Nxd5 11.cxd5 c6 12.Bc4 b5 13.Bb3 Bb7 14.Rc1 a5 15.a3 a4
16.Ba2 Rc8 17.Be3 b4 18.axb4 a3 19.bxa3 Rxa3 20.dxc6 Nxc6 21.Bd5 Nxb4 22.Bxb7 Rxe3+
23.Kd2 Rd3+ 24.Ke2 Rcd8 25.Rcd1 R3d7 26.Rxd7 Rxd7 27.Bc8 Rc7 28.Rb1 Bf8 29.Bh3 Rc2+
30.Nd2 Na2 31.Kd1 Rc6 32.Rb8 Nc3+ 33.Ke1 Ra6 34.f3 Ra1+ 35.Kf2 Kg7 36.Rc8 Bb4
37.Nc4 Ra2+ 38.Kf1 Ra1+ 39.Kf2 Ra2+ 40.Kf1 Nd1 41.Nxe5 Bc3 42.Nc4 Rf2+ 43.Kg1 Re2
44.g3 Bd4+ 45.Kf1 Rc2 46.Ke1 Nc3 47.e5 Re2+ 48.Kf1 Rf2+ 49.Ke1 Rxh2 50.Bd7 Re2+
51.Kf1 Rf2+ 52.Ke1 Re2+ 53.Kf1 Rf2+ 54.Ke1 Rxf3 55.g4 Rd3 56.Kf1 Rg3 57.Ke1 Rg2
58.Re8 Re2+ 59.Kf1 Rf2+ 60.Ke1 Re2+ 61.Kf1 Rc2 62.Rc8 Nd5 63.Ke1 Bf2+ 64.Kf1 Bg3
65.Kg1 Nf4 66.Ne3 Bf2+  0-1

[Event "MTO"]
[Site "Biel SUI"]
[Date "2003.07.23"]
[Round "3"]
[White "Korotylev,A"]
[Black "Manik,M"]
[Result "1/2-1/2"]
[WhiteElo "2546"]
[BlackElo "2471"]

1.Nf3 Nf6 2.c4 g6 3.Nc3 Bg7 4.e4 d6 5.d4 O-O 6.Be2 e5 7.O-O Na6 8.Be3 Ng4
9.Bg5 Qe8 10.dxe5 dxe5 11.h3 f6 12.Bd2 Nh6 13.Be3 c6 14.c5 Nf7 15.Nd2 f5
16.f3 f4 17.Bf2 g5 18.Nc4 h5 19.Qb3 Kh7 20.Rfd1 Nc7 21.Nd6 Nxd6 22.Rxd6 Ne6
23.Bc4 Nd4 24.Qd1 g4 25.hxg4 hxg4 26.Bxd4 exd4 27.Kf2 Qh5 28.Qh1 g3+ 29.Ke2 Qh2
30.Qxh2+ gxh2 31.Rh1 Be5 32.Rxh2+ Kg7 33.Rdh6 dxc3 34.Rh7+ Kg6 35.R2h6+ Kg5  1/2-1/2

[Event "25th Politiken Cup"]
[Site "Copenhagen DEN"]
[Date "2003.07.23"]
[Round "9"]
[White "Beliavsky,A"]
[Black "Mortensen,E"]
[Result "1-0"]
[WhiteElo "2668"]
[BlackElo "2445"]

1.d4 Nf6 2.c4 g6 3.Nc3 Bg7 4.e4 d6 5.Nf3 O-O 6.Be2 e5 7.O-O Nbd7 8.Be3 Ng4
9.Bg5 f6 10.Bd2 Nh6 11.Qc2 c6 12.Rad1 Qe7 13.b4 f5 14.c5 dxc5 15.Bg5 Qe8
16.dxc5 f4 17.Bxh6 Bxh6 18.Nd2 Nf6 19.Nc4 Qe7 20.Qd3 Bg4 21.Bxg4 Nxg4 22.Qd7 Qg5
23.Qe6+ Kg7 24.Rd7+ Kh8 25.Nd6 f3 26.g3 Qh5 27.h4 Nf6 28.Nf7+ Rxf7 29.Rxf7 Ng4
30.Rd1  1-0

[Event "ch-NED Open"]
[Site "Dieren NED"]
[Date "2003.07.23"]
[Round "2"]
[White "Van der Werf,M"]
[Black "Boersma,J"]
[Result "1-0"]
[WhiteElo "2423"]
[BlackElo "2229"]

1.d4 Nf6 2.c4 g6 3.Nc3 Bg7 4.e4 O-O 5.Nf3 d6 6.Be2 Nbd7 7.O-O e5 8.Be3 Qe7
9.Qc2 exd4 10.Nxd4 c6 11.Rad1 Re8 12.f3 d5 13.cxd5 Nxd5 14.Nxd5 cxd5 15.Nb5 dxe4
16.f4 Nf6 17.Bc5 Qe6 18.Nd6 Rf8 19.Bc4 Qe7 20.Bxf7+ Kh8 21.Bb3 Be6 22.Nf5 Bxb3
23.axb3 Qf7 24.Bxf8 Bxf8 25.Nd6 Qe7 26.Rfe1 Qe6 27.Qc4 Qg4 28.Nxe4 Qxf4 29.Qf7 Bg7
30.Rd7 Rg8 31.Nxf6 Qxf6 32.Qxf6 Bxf6 33.g3 Rc8 34.Re2 b5 35.Rb7 Bd4+ 36.Kg2 Bb6
37.Ree7  1-0

[Event "3rd Savaria Summer Open"]
[Site "Szombathely HUN"]
[Date "2003.07.23"]
[Round "5"]
[White "Csiszar,C"]
[Black "Markovic,Miros"]
[Result "1/2-1/2"]
[WhiteElo "2393"]
[BlackElo "2525"]

1.d4 Nf6 2.c4 g6 3.Nc3 Bg7 4.e4 d6 5.Be2 O-O 6.Nf3 e5 7.O-O exd4 8.Nxd4 Re8
9.f3 c6 10.Kh1 Nh5 11.g4 Nf6 12.Be3 h5 13.g5 Nh7 14.Rg1 Na6 15.Qd2 Qe7 16.Rae1 Nc7
17.Bd1 a6 18.Bc2 Qe5 19.f4 Qa5 20.a3 c5 21.b4 Qxa3 22.Ra1 Qxb4 23.Rgb1 Qxc4
24.Ra4 Qxc3 25.Qxc3 Ne6 26.Qd2 cxd4 27.Bxd4 Nxd4 28.Rxd4 Bxd4 29.Qxd4 b5
30.Qd5 Be6 31.Qxd6 Rac8 32.Bd3 Red8 33.Qa3 Rc6 34.Kg1 Nf8 35.f5 Bc4 36.Bf1 Re8
37.Bg2 Rb6 38.Qc5 Rbb8 39.Ra1 Ra8 40.e5 Rac8 41.Bc6 gxf5 42.Rxa6 Re6 43.h4 f4
44.Kf2 f3 45.Kg3 Rg6 46.Kf2 Re6 47.Kg3 Be2 48.Kf2 Nd7 49.Qd4 Nxe5 50.Bxf3 Rxa6
51.Bxe2 Re8 52.Bxh5 Ra4 53.Qd5 Rxh4 54.g6 Rxh5 55.gxf7+ Nxf7 56.Qxh5 Re5
57.Qg4+ Kf8 58.Qc8+ Kg7 59.Qg4+ Kf6 60.Qd4 Ng5 61.Qd8+ Kf5 62.Qf8+ Kg4 63.Qc8+ Kf4
64.Qc1+ Kf5 65.Qc8+ Ne6 66.Qd7 Rc5 67.Ke3 Ke5 68.Qe8 Kd6 69.Qb8+ Nc7 70.Qf8+ Kc6
71.Qf6+ Kb7 72.Kd2 Rc6 73.Qd4 Ne6 74.Qe5 Nc5 75.Qd5 b4 76.Kc2 Kb6 77.Qd8+ Kb7
78.Qd5 Kc7 79.Qe5+ Kc8 80.Qd5 Kb7 81.Kb1 Kb6 82.Qd8+ Kb5 83.Qe8 Na4 84.Ka2 Nc5
85.Kb1 Ne6 86.Kb2 Kc5 87.Qe7+ Kc4 88.Qd7 Nd4 89.Qf7+ Re6 90.Qc7+ Kd3 91.Qh7+ Kd2
92.Qh4 Kd3 93.Qh7+ Kc4 94.Qc7+ Nc6 95.Qf7 Nd4 96.Qc7+ Rc6 97.Qf7+ Kc5 98.Qa7+ Kc4
99.Qf7+ Re6 100.Qc7+ Kd3 101.Qh7+ Re4 102.Qg6 Ne6 103.Qxe4+  1/2-1/2

[Event "ch-NED Open"]
[Site "Dieren NED"]
[Date "2003.07.24"]
[Round "3"]
[White "Heltzel,J"]
[Black "Geurink,J"]
[Result "0-1"]
[WhiteElo "2078"]
[BlackElo "2310"]

1.d4 Nf6 2.c4 g6 3.Nc3 Bg7 4.e4 d6 5.Nf3 O-O 6.Be2 e5 7.O-O Na6 8.Re1 c6
9.Bf1 Bg4 10.d5 c5 11.Be2 Nh5 12.Be3 Nf4 13.Nd2 Nxe2+ 14.Nxe2 Bd7 15.Nc3 f5
16.f3 f4 17.Bf2 g5 18.a3 h5 19.b4 b6 20.b5 Nc7 21.h3 g4 22.hxg4 hxg4 23.Kf1 Kf7
24.Ke2 Rh8 25.Rh1 g3 26.Rxh8 Qxh8 27.Bg1 Qh1 28.Qf1 a6 29.a4 Bf6 30.Kd3 Ne8
31.Kc2 Bd8 32.Kb2 Nf6 33.bxa6 Rxa6 34.Nb5 Ne8 35.Kb3 Bc8 36.Re1 Qh4 37.Nb1 Qe7
38.N1c3 Ra8 39.Ra1 Qb7 40.Qc1 Qa6 41.Ne2 Qb7 42.Nxf4 exf4 43.Qxf4+ Bf6 44.Bd4 cxd4
45.Nxd4 Bd7 46.Nb5 Bxb5 47.cxb5 Qa7 48.e5 dxe5 49.Qg4 Ng7 50.Rc1 e4 51.Qxe4 Qd7
52.Rc6 Re8 53.Qc4 Qf5 54.d6+ Kf8 55.Ka2 Qe5 56.Qc1 Qd4  0-1

[Event "Summer"]
[Site "Tel Aviv ISR"]
[Date "2003.07.24"]
[Round "5"]
[White "Kaganskiy,G"]
[Black "Reznik,Vi"]
[Result "1/2-1/2"]
[WhiteElo "2393"]
[BlackElo "2299"]

1.Nf3 Nf6 2.c4 g6 3.Nc3 Bg7 4.e4 d6 5.d4 O-O 6.Be2 Na6 7.O-O e5 8.Be3 Ng4
9.Bg5 Qe8 10.dxe5 Nxe5 11.Nd5 f6 12.Bh4 c6 13.Nc3 Qf7 14.Nd2 f5 15.exf5 Bxf5
16.Nf3 Nxf3+ 17.Bxf3 Qxc4 18.Be7 Rf7 19.Qxd6 Qe6 20.Rfe1 Qxd6 21.Bxd6 Rd8
22.Rad1 Rfd7 23.Bf4 Nb4 24.Bg5 Rxd1 25.Bxd1 Rd7 26.g4 Bc2 27.Bf3 Nd3 28.Re2 Ne5
29.Kg2 Bd3 30.Re1 Nxf3 31.Kxf3 Bc4 32.a3 Rd3+ 33.Re3 Kf7 34.Rxd3 Bxd3 35.Ke3 Bxc3
36.bxc3 Bf1  1/2-1/2

[Event "BCSA Open"]
[Site "Batumi GEO"]
[Date "2003.07.25"]
[Round "9"]
[White "Kamadadze,Z"]
[Black "Askerov,M"]
[Result "1-0"]
[WhiteElo "2208"]
[BlackElo "2063"]

1.c4 Nf6 2.Nc3 g6 3.e4 d6 4.d4 Bg7 5.Nf3 O-O 6.Be2 e5 7.dxe5 dxe5 8.Qxd8 Rxd8
9.Bg5 Re8 10.O-O-O c6 11.Nxe5 Nxe4 12.Nxe4 Bxe5 13.f4 Bf5 14.fxe5 Bxe4 15.Bf3 Bf5
16.g4 Be6 17.b3 Nd7 18.Rhe1 Kg7 19.Rd6 h6 20.Bf4 Nf8 21.h4 Re7 22.Red1 Rd7
23.Kc2 Rad8 24.Kc3 Rc8 25.b4 Ra8 26.a4 a5 27.Be3 axb4+ 28.Kxb4 Rc7 29.Bb6 Rd7
30.a5 Rc8 31.c5 Ra8 32.Ra1  1-0

[Event "BCSA Open"]
[Site "Batumi GEO"]
[Date "2003.07.25"]
[Round "9"]
[White "Nigalidze,G"]
[Black "Petrenko,S"]
[Result "0-1"]
[WhiteElo "2137"]
[BlackElo "2346"]

1.d4 Nf6 2.c4 d6 3.Nc3 Nbd7 4.Nf3 g6 5.e4 e5 6.Be2 Bg7 7.O-O O-O 8.Re1 c6
9.d5 Qc7 10.Bf1 h6 11.Qc2 a5 12.b3 Nc5 13.Bb2 g5 14.a3 Na6 15.Rac1 Nh5 16.c5 Nxc5
17.b4 axb4 18.axb4 Na6 19.Nb5 Qe7 20.dxc6 Be6 21.cxb7 Qxb7 22.Nxd6 Qxb4 23.Nf5 Rfc8
24.Bc3 Qa3 25.Nxg7 Nxg7 26.Nxe5 Nb4 27.Qd2 Rd8 28.Bxb4 Rxd2 29.Bxa3 Rxa3
30.Red1 Raa2 31.Rxd2 Rxd2 32.f3 Nh5 33.Nd3 Nf6 34.Nc5 Ba2 35.Bd3 Nd7 36.Nxd7 Rxd3
37.Ne5 Rd2 38.Rc6 Kg7 39.Ng4 Be6 40.Ne3 Re2 41.Rc3 Rd2 42.Rc2 Rd3 43.Kf2 Kf6
44.Ke2 Ra3 45.g3 Ke5 46.Rb2 Ra5 47.Kd3 Ra3+ 48.Kd2 Ra5 49.Rb3 g4 50.fxg4 Kxe4  0-1

[Event "25th Politiken Cup"]
[Site "Copenhagen DEN"]
[Date "2003.07.25"]
[Round "11"]
[White "Matthiesen,M"]
[Black "Stokke,K"]
[Result "0-1"]
[WhiteElo "2260"]
[BlackElo "2162"]

1.d4 Nf6 2.Nf3 g6 3.c4 Bg7 4.Nc3 O-O 5.e4 d6 6.Be2 e5 7.O-O Nh5 8.dxe5 dxe5
9.Qxd8 Rxd8 10.Nd5 Rd7 11.Rd1 Na6 12.g4 Nf4 13.Bxf4 exf4 14.e5 c6 15.e6 fxe6
16.Nxf4 e5 17.Ng2 Rxd1+ 18.Rxd1 Bxg4 19.Ne3 Bh5 20.Kg2 Kf8 21.Rd2 Bf6 22.h3 e4
23.Nh2 Bxe2 24.Rxe2 Re8 25.Neg4 Bg7 26.b3 Nb4 27.Nf1 Nd3 28.Kh2 h5 29.Nge3 Be5+
30.Kh1 Nf4 31.Rd2 Nxh3 32.Rd7 Re7 33.Rd8+ Kg7 34.Kg2 Nf4+ 35.Kg1 Bc7 36.Ra8 Bb6
37.Ng3 h4 38.Ngf1 Rf7  0-1

[Event "ch-NED Open"]
[Site "Dieren NED"]
[Date "2003.07.25"]
[Round "4"]
[White "Werle,J"]
[Black "Boersma,J"]
[Result "1-0"]
[WhiteElo "2397"]
[BlackElo "2229"]

1.Nf3 Nf6 2.c4 g6 3.Nc3 Bg7 4.e4 O-O 5.d4 d6 6.Be2 Nbd7 7.O-O e5 8.Be3 Qe7
9.Qc2 exd4 10.Nxd4 c6 11.Rad1 a6 12.Bg5 Re8 13.Rfe1 Nc5 14.Bf1 h6 15.Bh4 a5
16.f3 a4 17.b4 axb3 18.axb3 g5 19.Bf2 Nh5 20.b4 Na6 21.b5 Nb4 22.Qb3 c5 23.Nf5 Bxf5
24.exf5 Be5 25.Ne4 Qc7 26.g3 Nf6 27.b6 Qxb6 28.Rxd6 Qxd6 29.Nxd6 Bxd6 30.Rd1 Bf8
31.h4 gxh4 32.g4 Nh7 33.f4 Nf6 34.Qf3 Ne4 35.Bxh4 Bg7 36.g5 hxg5 37.fxg5 Bd4+
38.Rxd4 cxd4 39.Qh5 Re7 40.f6 Re5 41.Qh6  1-0

[Event "ch-NED Open"]
[Site "Dieren NED"]
[Date "2003.07.25"]
[Round "4"]
[White "Ernst,S"]
[Black "Geurink,J"]
[Result "1/2-1/2"]
[WhiteElo "2468"]
[BlackElo "2310"]

1.d4 Nf6 2.c4 g6 3.Nc3 Bg7 4.e4 d6 5.Nf3 O-O 6.Be2 e5 7.O-O Na6 8.Re1 c6
9.d5 Nc5 10.Nd2 a5 11.b3 Ne8 12.a3 f5 13.Rb1 Nf6 14.b4 axb4 15.axb4 Ncxe4
16.Ndxe4 fxe4 17.Be3 cxd5 18.Nxd5 Be6 19.Nxf6+ Bxf6 20.b5 Rf7 21.Rc1 Bg5
22.Bg4 Bxe3 23.fxe3 Qd7 24.Bxe6 Qxe6 25.Qc2 d5 26.Red1 dxc4 27.Qxc4 Qxc4
28.Rxc4 Ra5 29.Rb4 h5 30.h4 Ra2 31.Rxe4 Rff2 32.Rxe5 Rxg2+ 33.Kh1 Rh2+  1/2-1/2

[Event "ch-NED Open"]
[Site "Dieren NED"]
[Date "2003.07.25"]
[Round "4"]
[White "L'Ami,E"]
[Black "Nijboer,F"]
[Result "1/2-1/2"]
[WhiteElo "2439"]
[BlackElo "2588"]

1.d4 Nf6 2.c4 g6 3.Nc3 Bg7 4.e4 d6 5.Nf3 O-O 6.Be2 e5 7.dxe5 dxe5 8.Qxd8 Rxd8
9.Bg5 Re8 10.Nd5 Nxd5 11.cxd5 c6 12.Bc4 cxd5 13.Bxd5 Na6 14.Ke2 Nc7 15.Bb3 Bd7
16.Nd2 Ne6 17.Be3 Nd4+ 18.Bxd4 exd4 19.Kd3 Bh6 20.Bd5 Rac8 21.Nc4 Rc5 22.f4 Be6
23.Bxe6 Rxe6 24.g3 g5 25.Raf1 Kf8 26.Ne5 Rc7 27.Ng4 gxf4 28.gxf4 Rb6 29.Nxh6 Rxh6
30.h4 Ra6 31.Ra1 Rf6 32.f5 Rfc6 33.Rh2 Ke7 34.e5 Rc5 35.Re2 f6 36.Rae1 fxe5
37.Rxe5+ Kf6 38.Rxc5 Rxc5 39.Re6+ Kxf5 40.Rh6 Rc7 41.Kxd4 Rc2 42.b4 Rxa2
43.Rxh7 b6 44.h5 a5 45.bxa5  1/2-1/2

[Event "16th Open"]
[Site "Kiel GER"]
[Date "2003.07.25"]
[Round "1"]
[White "Pinter,J"]
[Black "Emami,M"]
[Result "1-0"]
[WhiteElo "2548"]
[BlackElo "2072"]

1.d4 g6 2.c4 Bg7 3.Nc3 d6 4.e4 Nf6 5.Be2 O-O 6.Nf3 e5 7.d5 c5 8.Bg5 h6 9.Bh4 a6
10.Nd2 Nbd7 11.a3 Qc7 12.O-O Nh7 13.f3 f5 14.Bf2 Ndf6 15.b4 b6 16.Rb1 Nh5
17.Re1 Qe7 18.bxc5 bxc5 19.Bf1 N7f6 20.Rb2 g5 21.exf5 Bxf5 22.g4 Nf4 23.gxf5 Qf7
24.Nde4 Qh5 25.Nxf6+ Bxf6 26.Ne4 Be7 27.Rb7 Qe8 28.f6  1-0

[Event "ch-SCCF"]
[Site "Costa Mesa USA"]
[Date "2003.07.26"]
[Round "7"]
[White "Kretchetov,A"]
[Black "Matikozian,A"]
[Result "1/2-1/2"]
[WhiteElo "2335"]
[BlackElo "2430"]

1.Nf3 Nf6 2.c4 g6 3.Nc3 Bg7 4.e4 d6 5.d4 O-O 6.Be2 e5 7.d5 a5 8.Bg5 h6 9.Bh4 Na6
10.Nd2 Qe8 11.a3 Bd7 12.b3 Nh7 13.f3 h5 14.Qc2 Bh6 15.Bf2 Qe7 16.Rb1 Qg5
17.g3 Nc5 18.b4 axb4 19.axb4 Na4 20.Nb5 Bxb5 21.cxb5 f5 22.Nc4 Qe7 23.h4 fxe4
24.fxe4 Nf6 25.O-O g5 26.Ne3 gxh4 27.Nf5 Qh7 28.gxh4 Bf4 29.Bf3 Kh8 30.Ra1 Nb6
31.Rxa8 Rxa8 32.Kh1 Qd7 33.Rg1 Ra3 34.Bxb6 Rxf3 35.Qg2  1/2-1/2

[Event "3rd Savaria Summer Open"]
[Site "Szombathely HUN"]
[Date "2003.07.26"]
[Round "8"]
[White "Krivoshey,S"]
[Black "Zimmerman,Y"]
[Result "0-1"]
[WhiteElo "2507"]
[BlackElo "2320"]

1.Nf3 g6 2.d4 Bg7 3.c4 Nf6 4.Nc3 O-O 5.e4 d6 6.Be2 e5 7.O-O Qe8 8.dxe5 dxe5
9.Be3 b6 10.Nd5 Na6 11.Nxf6+ Bxf6 12.Bh6 Bg7 13.Bxg7 Kxg7 14.Qd5 Bg4 15.Rad1 Nb4
16.Qd2 Nc6 17.c5 Bxf3 18.Bxf3 Nd4 19.Qc3 Qe7 20.Rd3 Rfd8 21.Re3 b5 22.Bd1 a5
23.g3 b4 24.Qc4 Qe6 25.Be2 Nxe2+ 26.Qxe2 Qxa2 27.f4 f6 28.fxe5 fxe5 29.Ref3 Rf8
30.Qb5 Rxf3 31.Qd7+ Qf7  0-1

[Event "16th Open"]
[Site "Kiel GER"]
[Date "2003.07.27"]
[Round "4"]
[White "Joppien,A"]
[Black "Jochens,A"]
[Result "0-1"]
[WhiteElo "2085"]
[BlackElo "2181"]

1.d4 Nf6 2.c4 g6 3.Nc3 Bg7 4.Nf3 O-O 5.e4 d6 6.Be2 e5 7.O-O exd4 8.Nxd4 Re8
9.f3 Nc6 10.Nc2 Nh5 11.Be3 f5 12.Qd2 Nf6 13.Rad1 Be6 14.Bg5 Qe7 15.Ne3 Qf7
16.Ned5 Bxd5 17.cxd5 Nd4 18.Bc4 c5 19.Bf4 Qd7 20.Rde1 fxe4 21.fxe4 Ng4 22.a4 a6
23.h3 Ne5 24.Ba2 b5 25.axb5 axb5 26.Bb1 Nc4 27.Qc1 Rf8 28.Kh1 Be5 29.Bh6 Bg7
30.Bf4 Rf7 31.Bd3 Ne5 32.Bxe5 Rxf1+ 33.Rxf1 Bxe5 34.Qg5 c4 35.Bb1 b4 36.Nd1 Ne2
37.Re1 Rf8 38.Qd2 Ng3+ 39.Kg1 Qa7+ 40.Ne3 Bd4 41.Bc2 Nf1 42.Qxb4 Bxe3+ 43.Kh1 Qe7
44.Qxc4 Ng3+ 45.Kh2 Qe5 46.Rxe3 Nf1+  0-1

[Event "3rd Savaria Summer Open"]
[Site "Szombathely HUN"]
[Date "2003.07.27"]
[Round "9"]
[White "Horvath,P1"]
[Black "Szabo,G ROM"]
[Result "0-1"]
[WhiteElo "2463"]
[BlackElo "2395"]

1.d4 Nf6 2.c4 g6 3.Nc3 Bg7 4.e4 d6 5.Nf3 O-O 6.Be2 e5 7.d5 a5 8.Bg5 h6 9.Bh4 Qe8
10.Nd2 Bd7 11.O-O Na6 12.b3 h5 13.f3 Nh7 14.a3 Bh6 15.Bf2 Qe7 16.Kh1 f5 17.Rb1 b6
18.b4 axb4 19.axb4 Nf6 20.Rb2 Kh8 21.Qb3 g5 22.exf5 Bxf5 23.Nde4 Nb8 24.c5 bxc5
25.bxc5 Nbd7 26.c6 Rfb8 27.Qc2 Nc5 28.Bxc5 dxc5 29.Rb7 Rd8 30.Qb3 Nxe4 31.Nxe4 Bxe4
32.fxe4 g4 33.Rd1 Qd6 34.h3 c4 35.Bxc4 Rg8 36.h4 g3 37.Qc3 Rg4 38.Be2 Rxh4+
39.Kg1 Ra3  0-1